000 00237nam a2200121Ia 4500
100 _aNone
942 _cRB
654 _aWood work
245 _aWood work in theory & practice
260 _bnone
082 _a684.08
546 _aENGLISH
999 _c34485
_d34485